000 00326nam a22001217a 4500
008 160429b xxu||||| |||| 00| 0 eng d
020 _a9781416028901
020 _a1416028900
041 _aeng
080 _a618.2
245 _aUnderstanding nursing research:
_cSusan K. Grove; Nancy Burns;Janet T. Ihlenfeld;
942 _2udc
_cBK
999 _c1687
_d1687